| 000 | 00687nam a2200205Ia 4500 | ||
|---|---|---|---|
| 003 | OSt | ||
| 005 | 20240416145956.0 | ||
| 008 | 210210b2010 xxu||||| |||| 00| 0 eng d | ||
| 020 | _a9788190625180 | ||
| 040 | _cAL | ||
| 041 | _aHindi | ||
| 082 | _aH891.9 SRIA | ||
| 100 |
_aSRIVASTAV (Vina) _dविणा श्रीवास्तव _9160744 |
||
| 245 |
_aAdhunik bharat mein pauranik shiksha ki prasangikta _b आधुनिक भारत में पौराणिक शिक्षा की प्रासंगिकता |
||
| 260 |
_aKanpur _bAlka Prakashan _c2010 |
||
| 300 | _a208 | ||
| 690 |
_aHindi Criticism _9160745 |
||
| 906 | _a065802 | ||
| 942 |
_2ddc _cBK |
||
| 999 |
_c147084 _d147084 |
||